Friar Bacon and Friar Bungay / (Record no. 18063)
[ view plain ]
| 000 -LEADER | |
|---|---|
| fixed length control field | 00750cam a2200253I 4500 |
| 001 - CONTROL NUMBER | |
| control field | 18063 |
| 003 - CONTROL NUMBER IDENTIFIER | |
| rucl marc code | BD-RjUL |
| 005 - DATE AND TIME OF LATEST TRANSACTION | |
| control field | 20211209000231.0 |
| 008 - FIXED-LENGTH DATA ELEMENTS--GENERAL INFORMATION | |
| fixed length control field | 140219t19641963nbu b 00001 eng |
| 035 ## - SYSTEM CONTROL NUMBER | |
| System control number | (BD-RjUL)18121 |
| 040 ## - CATALOGING SOURCE | |
| Original cataloging agency | DLC |
| Transcribing agency | WSU |
| Modifying agency | BD-RjUL |
| Language of cataloging | eng |
| 041 ## - LANGUAGE CODE | |
| Language code of text/sound track or separate title | eng |
| 082 00 - DEWEY DECIMAL CLASSIFICATION NUMBER | |
| Classification number | 822.3 |
| Author mark and year | GRF 1964 |
| 100 1# - MAIN ENTRY--PERSONAL NAME | |
| Personal name | Greene, Robert, |
| Dates associated with a name | 1558?-1592. |
| 9 (RLIN) | 55658 |
| 245 10 - TITLE STATEMENT | |
| Title | Friar Bacon and Friar Bungay / |
| Statement of responsibility, etc. | Edited by Daniel Seltzer. |
| 260 ## - PUBLICATION, DISTRIBUTION, ETC. (IMPRINT) | |
| Place of publication, distribution, etc. | London : |
| Name of publisher, distributor, etc. | Edward Arnold, |
| Date of publication, distribution, etc. | c1963 [Published 1964]. |
| 300 ## - PHYSICAL DESCRIPTION | |
| Pagination | xxi, 106 p. ; |
| Size | 21 cm. |
| 490 0# - SERIES STATEMENT | |
| Series statement | Regents Renaissance drama series. |
| 504 ## - BIBLIOGRAPHY, ETC. NOTE | |
| Bibliography, etc | Bibliographical footnotes. |
| 650 #0 - SUBJECT ADDED ENTRY--TOPICAL TERM | |
| Topical term or geographic name as entry element | English drama |
| 9 (RLIN) | 55741 |
| 700 1# - ADDED ENTRY--PERSONAL NAME | |
| Personal name | Seltzer, Daniel, |
| Relator term | ed. |
| 942 ## - ADDED ENTRY ELEMENTS (KOHA) | |
| Source of classification or shelving scheme | Dewey Decimal Classification |
| Koha item type | Books |
| Lost status | Source of classification or shelving scheme | Damaged status | Not for loan | Collection code | Permanent Location | Current Location | Shelving location | Date acquired | Source of acquisition | Cost, normal purchase price | Total Checkouts | Full call number | Date last seen | Copy number | Koha item type |
|---|---|---|---|---|---|---|---|---|---|---|---|---|---|---|---|
| Dewey Decimal Classification | Not For Loan | Fiction | Central Library, University of Rajshahi | Central Library, University of Rajshahi | Reading Room | 28/06/1968 | Sweet & zeitlinger | 15.00 | 822.3 GRF 1964 | 19/02/2014 | C-1 | Books | |||
| Dewey Decimal Classification | Fiction | Central Library, University of Rajshahi | Central Library, University of Rajshahi | 26/11/1969 | Zeitlinger | 0.00 | 822.3 GRF 1964 | 15/09/2020 | C-2 | Books | |||||
| Dewey Decimal Classification | Fiction | Central Library, University of Rajshahi | Central Library, University of Rajshahi | 30/12/1976 | Zeitlinger | 1.40 | 822.3 GRF 1964 | 15/09/2020 | C-3 | Books |